Plus grandes villes françaises commençant par la lettre D - Statistiques

Statistiques générales
  • Ce quiz a été pris 113 fois
  • Le résultat moyen est 5 sur 13
Statistiques - réponses
Population Réponse % Correct
159k Dijon
82%
87k Dunkerque
77%
40k Douai
53%
71k Drancy
47%
31k Dreux
40%
40k Draguignan
38%
28k Dieppe
35%
21k Dax
33%
24k Dole
29%
29k Draveil
9%
23k Dammarie-les-Lys
7%
30k Décines-Charpieu
2%
23k Deuil-la-Barre
2%
Aucun quiz correspondant
Distribution des résultats
% des personnes avec chaque résultat
Percentile par nombre de réponses
Votre historique - résultats
Vous n’avez pas pris ce quiz